| 000 | 01148cab a2200217 4500 | ||
|---|---|---|---|
| 001 | ABS40392 | ||
| 008 | 090401t1989 xxu||||| |||| 00| 0 eng d | ||
| 035 | _a(Sirsi) u23501 | ||
| 041 | _aeng | ||
| 100 | _aPearce, N.J. | ||
| 245 | _aPower to the end user | ||
| 260 | _c1989 | ||
| 350 | _a0 | ||
| 490 |
_aMapping Awareness _v2(6) January/February 1989, 8-13(6) |
||
| 520 | _aAdapted from a paper presented at the National Mapping Awareness Conference in Oxford in January, the article examines the use of computers in digital mapping . Due to the rapid devlopment of the Geographic Information Systems market, there has been a huge increase in the number of suppliers and variety of systems on offer. Gives guidance on the selection of suitable options, assessing the role of personal computers, mini-computers, engineering workstations and mainframes. Concludes with an A-Z listing of system suppliers, including their contact address and product name. | ||
| 650 | _aMANAGEMENT-BUSINESS MANAGEMENT-INFORMATION MANAGEMENT | ||
| 650 | _aLAND INFORMATION SYSTEMS | ||
| 690 | _aPRACTICE AND TECHNIQUES | ||
| 942 | _n0 | ||
| 948 | _c04/03/1997 | ||
| 999 |
_c15706 _d15706 |
||